| 000 | 00673nam a22001937a 4500 | ||
|---|---|---|---|
| 003 | NUST - PNEC | ||
| 005 | 20170116181205.0 | ||
| 008 | 160302b xxu||||| |||| 00| 0 eng d | ||
| 020 | _a0412482002 | ||
| 040 | _cLIBRARY | ||
| 082 | _a621.3813 ROE | ||
| 100 |
_916683 _aRoer, Theo G. van de |
||
| 245 |
_aMicrowave electronic devices _cTheo G. van de Roer |
||
| 260 |
_aLondon _bChapman & Hall _cc.1994 |
||
| 300 | _a 340 p. : | ||
| 650 |
_916684 _aMicrowave devices _xEE / EL |
||
| 856 | _uhttp://www.amazon.com/Microwave-Electronic-Devices-Techniques-Applications/dp/0412482002/ref=sr_1_1?s=books&ie=UTF8&qid=1456893946&sr=1-1&keywords=0412482002 | ||
| 942 |
_2ddc _cBK |
||
| 999 |
_c71601 _d71601 |
||